000
00275nam a22001217a 4500
008
230704b xxu||||| |||| 00| 0 eng d
082
_a
343.6
_b
PUB
100
_c
ICJ
245
_a
The Public Finance Management Act
_b
260
_a
_c
1999
300
_a
103p
942
_2
ddc
_c
BK
999
_c
3619
_d
3619